000 00334nam a2200133Ia 4500
008 240624s9999 xx 000 0 und d
041 _aeng
082 _a658.827 JOH
100 _aJOHANSSON JOHNY K
245 _aCONTEMPORARY BRAND MANAGEMENT
260 _c2015
_aLondon
_bSage
300 _axi, : 258 : p. : cm. ; 22
365 _c
_b38
999 _c27547
_d27547